| 000 | 00846cam a2200241 a 4500 | ||
|---|---|---|---|
| 001 | 000019481 | ||
| 005 | 20200929170030.0 | ||
| 008 | 820119s1972 sp 000 0 spa d | ||
| 040 |
_aDO-SdBNP _bspa _cDLC _dBNPHU |
||
| 082 |
_a926.6 _bT431c |
||
| 100 | 1 |
_aThiel, Rudolf, _d1899-1981. _941847 |
|
| 240 | 1 | 0 | _aManner gegen tod und teufel |
| 245 | 1 | 0 |
_aContra la muerte y el demonio : _bde la vida de los grandes médicos / _cRudolf Thiel ; traducción del alemán por José M. Sacristán. |
| 260 |
_aMadrid, España : _bEditorial Espasa-Calpe, _c1972. |
||
| 300 |
_a284 p. ; _c18 cm. |
||
| 490 | 1 |
_aAustral _v1477 |
|
| 650 | 4 |
_aMédicos _xBiografía _941848 |
|
| 650 | 4 |
_aMedicina _xHistoria _918676 |
|
| 700 | 1 |
_aSacristán, José Miguel _etr. _941849 |
|
| 830 | 0 |
_aAustral ; _v1477 _93065 |
|
| 910 | _aCatalogación derivada / LC | ||
| 049 | _aBNGR | ||
| 999 |
_c18997 _d18997 |
||